<?xml version="1.0" encoding="UTF-8"?>
<collection xmlns="http://www.loc.gov/MARC21/slim">
 <record>
  <leader>     na                 </leader>
  <controlfield tag="001">INLIS000000000000021</controlfield>
  <controlfield tag="005">20260409024508</controlfield>
  <datafield tag="035" ind1=" " ind2=" ">
   <subfield code="a">0010-0426000020</subfield>
  </datafield>
  <controlfield tag="007">ta</controlfield>
  <controlfield tag="008">260409                g          0 ind  </controlfield>
  <datafield tag="020" ind1=" " ind2=" ">
   <subfield code="a">9789792938630</subfield>
  </datafield>
  <datafield tag="082" ind1=" " ind2=" ">
   <subfield code="a">006.7</subfield>
  </datafield>
  <datafield tag="084" ind1=" " ind2=" ">
   <subfield code="a">006.7 MAH</subfield>
  </datafield>
  <datafield tag="100" ind1="0" ind2=" ">
   <subfield code="a">MADCOMS</subfield>
   <subfield code="e">Pengarang</subfield>
  </datafield>
  <datafield tag="245" ind1="1" ind2=" ">
   <subfield code="a">Mahir dalam 7 hari adobe dreamweaver CS6 : dengan pemrograman PHP &amp; MySQL /</subfield>
   <subfield code="c">MADCOMS</subfield>
  </datafield>
  <datafield tag="250" ind1=" " ind2=" ">
   <subfield code="a">cetakan pertama</subfield>
  </datafield>
  <datafield tag="300" ind1=" " ind2=" ">
   <subfield code="a">278 halaman :</subfield>
   <subfield code="b">ilustrasi ;</subfield>
   <subfield code="c">23 cm</subfield>
  </datafield>
  <datafield tag="505" ind1=" " ind2=" ">
   <subfield code="a">Mahir Dalam 7 Hari: Adobe Dreamweaver CS5 Dengan Pemrograman PHP &amp; MySQL Buku ini adalah solusi bagi Anda yang ingin belajar cepat dengan hasil yang tepat. Metode belajar BACA ? COBA ? BISA merupakan suatu metode yang sangat cocok bagi Anda yang ingin belajar cepat dalam 7 hari. Untuk hasil optimal, Anda minimal hanya membutuhkan waktu 1 jam dalam 1 hari untuk mempelajari setiap pokok bahasannya. Pokok bahasan yang akan mengantar Anda mahir dalam menguasai program Adobe Dreamweaver CS5 ini meliputi : Hari ke-1 : Mengenal pekerjaan dasar Dreamweaver CS5, alur kerja, komponen ruang kerja, mengenal dan mengolah site, serta mengolah dokumen halaman web. Hari ke-2 : Bagaimana mengelola halaman web, mengatur properti halaman, mengolah isi halaman, mengolah teks, mengolah gambar, dan mengatur penggunaan browser. Hari ke-3 : Bagaimana membangun layout halaman web menggunakan HTML, CSS, dan Div Tag. Hari ke-4 : Bagaimana bekerja dengan link, media, behavior dan efek. Hari ke-5 : Bagaimana membangun sebuah form dan objek-objek di dalamnya, membuat objek spry, membuat Spry Menu Bar dan pengolahannya. Hari ke-6 : Mengenal apa dan bagaimana pemrogarman PHP dan Database MySQL, mengenal operator, fungsi tipe data, serta bagaimana membuat database dan tabel menggunakan script PHP maupun menggunakan jendela phpMyAdmin. Hari ke-7 : Bagaimana mengolah database menggunakan jendela phpMyAdmin, menggunakan fungsi-fungsi pengolahan tabel, serta membuat aplikasi include, tanggal, dan buku tamu.</subfield>
  </datafield>
  <datafield tag="600" ind1=" " ind2="4">
   <subfield code="a">Situs Web</subfield>
  </datafield>
  <datafield tag="600" ind1=" " ind2="4">
   <subfield code="a">Pemrograman Komputer</subfield>
  </datafield>
  <datafield tag="740" ind1=" " ind2=" ">
   <subfield code="a">Mahir dalam 7 hari adobe dreamweaver CS6 dengan pemrograman PHP &amp; MySQL</subfield>
  </datafield>
  <datafield tag="264" ind1=" " ind2=" ">
   <subfield code="a">Yogyakarta :</subfield>
   <subfield code="b">ANDI,</subfield>
   <subfield code="c">2013</subfield>
  </datafield>
  <datafield tag="336" ind1=" " ind2=" ">
   <subfield code="2">rdacontent</subfield>
   <subfield code="a">teks</subfield>
  </datafield>
  <datafield tag="337" ind1=" " ind2=" ">
   <subfield code="2">rdamedia</subfield>
   <subfield code="a">tanpa perantara</subfield>
  </datafield>
  <datafield tag="338" ind1=" " ind2=" ">
   <subfield code="2">rdacarrier</subfield>
   <subfield code="a">volume</subfield>
  </datafield>
  <datafield tag="990" ind1=" " ind2=" ">
   <subfield code="a">PP000042/19</subfield>
  </datafield>
  <datafield tag="990" ind1=" " ind2=" ">
   <subfield code="a">PP000043/19</subfield>
  </datafield>
 </record>
</collection>
